000 01480cam a2200349 i 4500
999 _c26260
_d26260
001 26260
003 Mx-PuUPA
005 20191016091028.0
008 140415s2018 mx gr 001 0 spa d
020 _a9786078584130
040 _aMx-PuUPA
_bspa
_cMx-PuUPA
_dMx-PuUPA
_erda
041 0 _aspa
245 1 0 _aDramaturgia poblana contemporánea :
_bantología /
_cLucero Troncoso, Rodolfo García Cruz, Francisco Maldonado, [y otros siete] ; compilación y prólogo Laura Fernández
250 _aPrimera edición
264 4 _aCiudad de México :
_bToma, Ediciones y Producciones Escénicas y Cinematográficas,
_c2018
300 _a393 páginas ;
_c21 cm
336 _atexto
_2rdacontent
_btxt
337 _asin medio
_2rdamedia
_bn
338 _avolumen
_2rdacarrier
_bnc
490 0 _aColección de artes escénicas ; Serie Dramaturgia
500 _aPublicado con el apoyo: Secretaría de Cultura, Secretaría de Cultura y Turismo de Puebla y Gobierno del Estado de Puebla. -- Página legal
650 4 _aDrama mexicano
_ySiglo XXI
_zPuebla
650 4 _aDramaturgos mexicanos
_ySiglo XXI
_zPuebla
700 1 _aTroncoso, Lucero,
_eautor
_910045
700 1 _aGarcía Cruz, Rodolfo,
_eautor
700 1 _aMaldonado, Francisco,
_eautor
700 1 _aFernández, Laura,
_ecompilador
942 _2ddc
_cLI
_h862.508
_iD756